000 00874nas a2200265 4500
001 BR2014000134
003 BR-BrBNA
005 20231205123552.0
007 ta
008 230509b bl.|||p| |||| 00| 00por d
040 _aBR-BrBNA
_bpor
_cBiblioteca Nacional de Agricultura
041 _a(Pt)
072 _aP34
100 1 _aPereira, R.M.
100 1 _aSilveira, E.L. da
100 1 _aCarareto-Alves, L.M.
100 1 _aLemos, E.G. de M.
245 1 _aAvaliação de populações de possíveis rizobactérias em solos sob espécies florestais
650 _aBIOLOGIA DO SOLO
650 _aEUCALIPTO
773 0 _tRevista Brasileira de Ciência do Solo (Brazil)
_xISSN 0100-0683
_g(Sep-Oct 2008), v. 32(5) p. 1921-1927
_wBR2014000134
856 4 0 _uhttp://www.scielo.br/pdf/rbcs/v32n5/13.pdf
909 _a202311
_bLúcia
_c55
_dLúcia Elande
942 _2AGRIS
_n0
_cANA
999 _c234564
_d234564